[Event "Hastings Masters 2022/23"]
[Site "Hastings"]
[Date "2022.12.29"]
[Round "2.6"]
[White "Korneev, Oleg"]
[Black "Ogunshola, Ben"]
[Result "1-0"]
[WhiteElo "2481"]
[BlackElo "2140"]
[PlyCount "53"]
[EventDate "2022.12.28"]
[EventType "swiss"]
[EventRounds "10"]
[EventCountry "ENG"]

1. e4 c5 2. Nf3 d6 3. d4 cxd4 4. Nxd4 Nf6 5. Nc3 g6 6. Be3 Bg7 7. f3 Nc6 8. Qd2
O-O 9. O-O-O Nxd4 10. Bxd4 Be6 11. Kb1 Qc7 12. Nd5 Bxd5 13. exd5 Rfc8 14. Rc1
Qd7 15. g4 Qa4 16. c4 b5 17. b3 Qa3 18. Bb2 Qc5 19. g5 Nd7 20. cxb5 Qb6 21. Rc6
Qb7 22. Bxg7 Kxg7 23. Bh3 Rcb8 24. Qc3+ Kg8 25. Rc7 Qxb5 26. Bxd7 Qxd5 27. h4
1-0

[Event "Hastings Masters 2022/23"]
[Site "Hastings"]
[Date "2022.12.29"]
[Round "2.7"]
[White "Hutchinson, Paul A"]
[Black "Grieve, Harry"]
[Result "0-1"]
[WhiteElo "2135"]
[BlackElo "2438"]
[PlyCount "150"]
[EventDate "2022.12.28"]
[EventType "swiss"]
[EventRounds "10"]
[EventCountry "ENG"]

1. d4 f5 2. Bf4 Nf6 3. e3 d6 4. Nf3 g6 5. c4 Bg7 6. Nc3 O-O 7. c5 Kh8 8. cxd6
exd6 9. h3 c6 10. Be2 Qe7 11. O-O Be6 12. Qa4 Rd8 13. Rfd1 Nbd7 14. Nd2 Bg8 15.
Bf3 d5 16. Re1 h6 17. Bh2 g5 18. Qd1 Bh7 19. Be2 Rf8 20. Nf1 Bg6 21. f3 h5 22.
Bd3 h4 23. Qc2 Nh5 24. Kh1 Qf7 25. Rad1 Rae8 26. Qf2 Qf6 27. g3 hxg3 28. Nxg3
Re7 29. Rg1 Rfe8 30. Nf1 Bh6 31. Qg2 Kh7 32. Ne2 f4 33. Bxg6+ Qxg6 34. Nxf4
Nxf4 35. Bxf4 Rg7 36. Bg3 Qf5 37. Re1 Nf8 38. Be5 Rf7 39. f4 Ng6 40. fxg5 Bg7
41. Bxg7 Kxg7 42. Qg4 Rh8 43. Qxf5 Rxf5 44. Rg3 Rf2 45. Nh2 Rhf8 46. Ng4 Rxb2
47. Nf6 Rxa2 48. e4 Rd2 49. e5 Rxd4 50. e6 Ne7 51. Rf3 Kg6 52. Ref1 Rh8 53. Nd7
Re4 54. Rf6+ Kxg5 55. Rg1+ Kh4 56. Rf7 Rxe6 57. Rf4+ Kh5 58. Nf6+ Rxf6 59. Rxf6
Rg8 60. Rf7 Rxg1+ 61. Kxg1 Ng6 62. Rxb7 c5 63. Rb5 Nf4 64. Kh2 c4 65. Rc5 Kh4
66. Rc7 a5 67. Rh7+ Kg5 68. Ra7 Kf5 69. Rxa5 Ke4 70. h4 c3 71. Rc5 d4 72. Kg3
d3 73. Rc4+ Ke3 74. Rxf4 d2 75. Rf3+ Kd4 0-1

[Event "Hastings Masters 2022/23"]
[Site "Hastings"]
[Date "2022.12.29"]
[Round "2.8"]
[White "Lutsko, Artem"]
[Black "Eames, Robert S"]
[Result "0-1"]
[WhiteElo "2431"]
[BlackElo "2136"]
[PlyCount "82"]
[EventDate "2022.12.28"]
[EventType "swiss"]
[EventRounds "10"]
[EventCountry "ENG"]

1. d4 Nf6 2. c4 c5 3. d5 b5 4. cxb5 a6 5. bxa6 g6 6. Nc3 Bg7 7. e4 O-O 8. a7
Rxa7 9. Nf3 e6 10. Be2 exd5 11. exd5 d6 12. O-O Na6 13. Bf4 Re8 14. Bb5 Ree7
15. Bc6 Nh5 16. Bg5 f6 17. Be3 Rxe3 18. fxe3 Bh6 19. e4 Be3+ 20. Kh1 Qf8 21.
Qe1 Qh6 22. Qh4 g5 23. Qe1 Bf4 24. Ne2 Nb4 25. Nxf4 Nxf4 26. Qg3 Rg7 27. a3 Nc2
28. Nd2 Nxa1 29. Rxa1 f5 30. exf5 Bxf5 31. Re1 Qf6 32. Nc4 Re7 33. Rxe7 Qxe7
34. Ne3 Be4 35. h4 h6 36. a4 Qf6 37. a5 Qxb2 38. hxg5 Ne2 39. Qf2 hxg5 40. Ng4
Qa1+ 41. Kh2 Qh8+ 0-1

[Event "Hastings Masters 2022/23"]
[Site "Hastings"]
[Date "2022.12.29"]
[Round "2.9"]
[White "Payne, Matthew J"]
[Black "Han, Yichen"]
[Result "0-1"]
[WhiteElo "2116"]
[BlackElo "2423"]
[PlyCount "104"]
[EventDate "2022.12.28"]
[EventType "swiss"]
[EventRounds "10"]
[EventCountry "ENG"]

1. e4 c5 2. Nc3 Nc6 3. Bb5 Nd4 4. Nf3 a6 5. Bd3 g6 6. O-O Bg7 7. Re1 Nf6 8. e5
Nh5 9. Bf1 d6 10. exd6 Qxd6 11. Ne4 Qc7 12. c3 Nxf3+ 13. Qxf3 O-O 14. Bc4 b5
15. Bd5 Ra7 16. d3 Nf6 17. Bf4 Qd8 18. Nxf6+ Bxf6 19. Rad1 Qb6 20. b4 Rd7 21.
Bc6 Bb7 22. Bxb7 Qxb7 23. Qxb7 Rxb7 24. bxc5 Bxc3 25. Re2 Rc8 26. Be3 Rd7 27.
Rc2 b4 28. Kf1 e5 29. Ke2 f5 30. Rdc1 Rdc7 31. g3 Kf7 32. f4 exf4 33. gxf4 Re8
34. Kf3 Rd8 35. Ke2 Re7 36. Rxc3 bxc3 37. Rxc3 Rb8 38. Kf3 Rc7 39. Bd4 Rc6 40.
Be5 Rb2 41. d4 Rxh2 42. Kg3 Rd2 43. Rb3 Ke6 44. Rb7 Rxa2 45. Rxh7 Ra3+ 46. Kg2
Rb3 47. Rg7 Kd5 48. Bd6 Kxd4 49. Rxg6 a5 50. Rf6 a4 51. Rxf5 a3 52. Rf8 Ra6 0-1

[Event "Hastings Masters 2022/23"]
[Site "Hastings"]
[Date "2022.12.29"]
[Round "2.10"]
[White "Murphy, Conor E"]
[Black "Finn, Peter"]
[Result "1-0"]
[WhiteElo "2422"]
[BlackElo "2123"]
[PlyCount "80"]
[EventDate "2022.12.28"]
[EventType "swiss"]
[EventRounds "10"]
[EventCountry "ENG"]

1. e4 c5 2. Nf3 Nc6 3. Nc3 e5 4. Bc4 Be7 5. d3 Nf6 6. a4 d6 7. Bg5 Bg4 8. h3
Be6 9. Bxf6 Bxf6 10. Nd5 O-O 11. O-O g6 12. c3 Bg7 13. Qd2 h6 14. b4 cxb4 15.
cxb4 Kh7 16. b5 Na5 17. Ba2 f5 18. Rfc1 fxe4 19. dxe4 Rc8 20. Rxc8 Bxc8 21. Qe2
Be6 22. Rc1 Rf7 23. Rc3 b6 24. Ne3 Bxa2 25. Qxa2 Rc7 26. Rxc7 Qxc7 27. Qe6 Qd8
28. Nd5 Nb7 29. Ne7 Qe8 30. Nh4 Nc5 31. Qxd6 Nxe4 32. Qb4 Bf8 33. Qxe4 Bxe7 34.
Qxe5 Qf7 35. Qc7 Kg8 36. Nxg6 Bg5 37. Qxf7+ Kxf7 38. Ne5+ Ke6 39. Nc6 Kd5 40.
Nxa7 Kc5 1-0

[Event "Hastings Masters 2022/23"]
[Site "Hastings"]
[Date "2022.12.29"]
[Round "2.11"]
[White "Rolvag, Mikael"]
[Black "Lalic, Bogdan"]
[Result "1/2-1/2"]
[WhiteElo "2110"]
[BlackElo "2392"]
[PlyCount "36"]
[EventDate "2022.12.28"]
[EventType "swiss"]
[EventRounds "10"]
[EventCountry "ENG"]

1. e4 c5 2. Nf3 d6 3. d4 cxd4 4. Nxd4 Nf6 5. Nc3 a6 6. a4 g6 7. g3 Bg4 8. f3
Bd7 9. Bg2 Bg7 10. Be3 Nc6 11. Nde2 O-O 12. O-O Rb8 13. Qd2 b5 14. axb5 axb5
15. Nd5 b4 16. Nd4 Nxd5 17. exd5 Nxd4 18. Bxd4 Bxd4+ 1/2-1/2

[Event "Hastings Masters 2022/23"]
[Site "Hastings"]
[Date "2022.12.29"]
[Round "2.12"]
[White "Walker, Martin G"]
[Black "Cherniaev, Alexander"]
[Result "0-1"]
[WhiteElo "2100"]
[BlackElo "2374"]
[PlyCount "102"]
[EventDate "2022.12.28"]
[EventType "swiss"]
[EventRounds "10"]
[EventCountry "ENG"]

1. e4 c5 2. Nf3 d6 3. Bb5+ Nc6 4. O-O Bd7 5. Re1 Nf6 6. c3 a6 7. Bf1 Bg4 8. h3
Bh5 9. g4 Bg6 10. d3 e6 11. Nh4 Nd7 12. Nxg6 hxg6 13. Nd2 Be7 14. Nf3 Nde5 15.
Nxe5 dxe5 16. Qf3 O-O 17. Be3 a5 18. a4 g5 19. Qd1 g6 20. Qb3 b6 21. Bg2 Rb8
22. Rad1 Qd6 23. Bc1 Rfc8 24. Be3 Kg7 25. Qc4 Qd8 26. Qb3 Rb7 27. Bf1 Rd7 28.
Qc2 Nd4 29. Bxd4 cxd4 30. Qb3 dxc3 31. bxc3 Rdc7 32. Qxb6 Rxc3 33. Qxd8 Rxd8
34. Ra1 Rb8 35. Ra2 Bc5 36. Kg2 Bd4 37. Kg1 Rbb3 38. Kg2 Kf6 39. Be2 Ke7 40.
Rd1 Ra3 41. Rda1 Rxa2 42. Rxa2 Rc1 43. Ra3 Rb1 44. Ra2 Kd6 45. Rc2 Ra1 46. Rc4
Bc5 47. Kf3 Ra2 48. Bd1 Rxf2+ 49. Kg3 Rd2 50. Bc2 Be3 51. Rc8 Bc5 0-1

[Event "Hastings Masters 2022/23"]
[Site "Hastings"]
[Date "2022.12.29"]
[Round "2.13"]
[White "Brown, Thomas"]
[Black "Golding, Alex"]
[Result "0-1"]
[WhiteElo "2099"]
[BlackElo "2318"]
[PlyCount "65"]
[EventDate "2022.12.28"]
[EventType "swiss"]
[EventRounds "10"]
[EventCountry "ENG"]

1. c4 e5 2. g3 Nf6 3. Bg2 Nc6 4. Nc3 d6 5. d3 Be7 6. Rb1 h5 7. h3 h4 8. g4 O-O
9. e3 Nh7 10. Nge2 f5 11. gxf5 Bxf5 12. Ne4 Bg6 13. N2c3 Qe8 14. c5 Bf7 15. b4
Rd8 16. cxd6 cxd6 17. b5 Nb8 18. O-O d5 19. Nd2 Be6 20. Nf3 Qh5 21. Nh2 Qg6 22.
Ng4 Bf6 23. e4 dxe4 24. Nxe4 Rf7 25. Bb2 b6 26. Kh1 Rfd7 27. Nexf6+ gxf6 28.
Be4 Bd5 29. Qe2 Bxe4+ 30. Qxe4 Qxe4+ 31. dxe4 Rd3 32. Ne3 Ng5 33. Kg2 0-1

[Event "Hastings Masters 2022/23"]
[Site "Hastings"]
[Date "2022.12.29"]
[Round "2.14"]
[White "Bazakutsa, Svyatoslav"]
[Black "Pollack, Oscar"]
[Result "1-0"]
[WhiteElo "2318"]
[BlackElo "2112"]
[PlyCount "79"]
[EventDate "2022.12.28"]
[EventType "swiss"]
[EventRounds "10"]
[EventCountry "ENG"]

1. c4 e5 2. g3 Nc6 3. Bg2 Bc5 4. Nc3 a6 5. e3 d6 6. Nf3 Ba7 7. d4 exd4 8. exd4
Bg4 9. Be3 Nge7 10. h3 Bh5 11. g4 Bg6 12. d5 Ne5 13. Nxe5 dxe5 14. Bxa7 Rxa7
15. c5 O-O 16. Qe2 f6 17. Rd1 Bf7 18. Be4 Ng6 19. Bxg6 Bxg6 20. O-O Qe7 21. d6
cxd6 22. cxd6 Qd7 23. Qe3 Raa8 24. Nd5 Rad8 25. Nb6 Qc6 26. d7 f5 27. Rc1 Qe6
28. f3 fxg4 29. fxg4 Rxf1+ 30. Rxf1 h5 31. gxh5 Bxh5 32. Rc1 Qg6+ 33. Kh2 e4
34. Rc8 Qd6+ 35. Kg1 Qg6+ 36. Kf2 Qf5+ 37. Ke1 Qa5+ 38. Qc3 Qxb6 39. Qb3+ Qxb3
40. Rxd8+ 1-0

[Event "Hastings Masters 2022/23"]
[Site "Hastings"]
[Date "2022.12.29"]
[Round "2.15"]
[White "Britton, Richard L"]
[Black "Ledger, Andrew J"]
[Result "0-1"]
[WhiteElo "2091"]
[BlackElo "2314"]
[PlyCount "128"]
[EventDate "2022.12.28"]
[EventType "swiss"]
[EventRounds "10"]
[EventCountry "ENG"]

1. e4 e6 2. d4 d5 3. Nc3 dxe4 4. Nxe4 Bd7 5. Nf3 Bc6 6. Bd3 Nd7 7. O-O Ngf6 8.
Qe2 Bxe4 9. Bxe4 Nxe4 10. Qxe4 c6 11. c4 Be7 12. Bf4 O-O 13. Qe2 Re8 14. Rfd1
Qa5 15. Ne5 Rad8 16. a3 Nxe5 17. Bxe5 Bd6 18. b4 Qc7 19. Bxd6 Qxd6 20. Rd2 Re7
21. Rad1 Red7 22. Qe4 a5 23. Qb1 axb4 24. axb4 Qf4 25. g3 Qg4 26. Qd3 g6 27. f3
Qg5 28. f4 Qe7 29. Qc3 Rd6 30. Qe3 Qd7 31. Qe5 b5 32. Qc5 bxc4 33. Qxc4 Rb8 34.
Kf2 Rb5 35. Ke3 Qb7 36. Rb1 Qb6 37. Kf3 Qd8 38. Ke3 e5 39. fxe5 Qg5+ 40. Ke2
Rxe5+ 41. Kd1 Re4 42. Kc2 Rde6 43. Ra1 Qf5 44. Kb2 Re1 45. Qc5 Qe4 46. Ra8+ Re8
47. Rxe8+ Qxe8 48. Rc2 Re6 49. Qc4 Rd6 50. Re2 Qd7 51. Rd2 Rd5 52. Kc3 h5 53.
Qe2 Kg7 54. Qc4 Rf5 55. Kb2 Qb7 56. Qc3 Kh7 57. Qc4 Rf3 58. Rc2 Qe7 59. Re2 Qa7
60. Rd2 Qa3+ 61. Kc2 Kg7 62. Rg2 Qa1 63. Rd2 Rf1 64. Qb3 Qc1+ 0-1

[Event "Hastings Masters 2022/23"]
[Site "Hastings"]
[Date "2022.12.29"]
[Round "2.16"]
[White "Chan, Kim Yew"]
[Black "Golding, James"]
[Result "1-0"]
[WhiteElo "2289"]
[BlackElo "2089"]
[PlyCount "49"]
[EventDate "2022.12.28"]
[EventType "swiss"]
[EventRounds "10"]
[EventCountry "ENG"]

1. d4 d5 2. Nf3 c6 3. c4 Nf6 4. cxd5 cxd5 5. Nc3 a6 6. Bf4 b5 7. e3 Bb7 8. Bd3
e6 9. O-O Nc6 10. Rc1 Qb6 11. Ne5 Na5 12. Na4 Qa7 13. Rc7 Bd6 14. Nc6 Nxc6 15.
Bxd6 bxa4 16. Qxa4 Nd7 17. Rc1 Qb6 18. R1xc6 Bxc6 19. Rxc6 Qxb2 20. Rc7 Qa1+
21. Bf1 Rd8 22. Ba3 Qb1 23. Qxa6 Qb6 24. Qxb6 Nxb6 25. Re7+ 1-0

[Event "Hastings Masters 2022/23"]
[Site "Hastings"]
[Date "2022.12.29"]
[Round "2.17"]
[White "Kueppers, Timo"]
[Black "Thompson, Ian D"]
[Result "0-1"]
[WhiteElo "2249"]
[BlackElo "2082"]
[PlyCount "46"]
[EventDate "2022.12.28"]
[EventType "swiss"]
[EventRounds "10"]
[EventCountry "ENG"]

1. e4 e6 2. d4 d5 3. Nd2 Be7 4. Bd3 c5 5. dxc5 Nf6 6. Qe2 Nc6 7. Ngf3 a5 8. O-O
O-O 9. c3 Re8 10. a4 h6 11. Nb3 dxe4 12. Bxe4 Nxe4 13. Qxe4 e5 14. Nxe5 Be6 15.
Nxc6 bxc6 16. Nd4 Bd5 17. Qg4 Bxc5 18. Bxh6 Qf6 19. Be3 Rab8 20. Nc2 Bxe3 21.
Nxe3 Rxb2 22. Qd4 Qxd4 23. cxd4 Rxe3 0-1

[Event "Hastings Masters 2022/23"]
[Site "Hastings"]
[Date "2022.12.29"]
[Round "2.18"]
[White "Miller, George"]
[Black "Zimmermann, Klemens"]
[Result "0-1"]
[WhiteElo "1808"]
[BlackElo "2247"]
[PlyCount "90"]
[EventDate "2022.12.28"]
[EventType "swiss"]
[EventRounds "10"]
[EventCountry "ENG"]

1. c4 e5 2. Nc3 Bb4 3. e4 Nf6 4. Nf3 O-O 5. d3 Re8 6. Be2 c6 7. a3 Bf8 8. Bg5
d6 9. O-O Nbd7 10. Ne1 h6 11. Bh4 Nc5 12. Nc2 Ne6 13. Bg4 Nf4 14. Bxc8 Rxc8 15.
Ne3 Re6 16. b4 Qb6 17. g3 N4h5 18. Bxf6 Nxf6 19. Kg2 g6 20. Qd2 h5 21. h3 Bh6
22. Qe2 Rce8 23. Rfb1 R6e7 24. a4 Nh7 25. a5 Qd8 26. a6 bxa6 27. Rxa6 Qc8 28.
Rba1 Ng5 29. h4 Ne6 30. Rxa7 f5 31. b5 Nd4 32. Qa2 Rxa7 33. Qxa7 f4 34. Ned5
cxd5 35. Nxd5 Bg7 36. Ne7+ Rxe7 37. Qxe7 Qg4 38. Qg5 Qf3+ 39. Kh3 Kh7 40. b6
Ne2 41. b7 fxg3 42. Qxg3 Nxg3 43. fxg3 Qg4+ 44. Kg2 Qe2+ 45. Kh3 Qb2 0-1

[Event "Hastings Masters 2022/23"]
[Site "Hastings"]
[Date "2022.12.29"]
[Round "2.19"]
[White "Muir, Andrew J"]
[Black "Chan, Sheng Liang Bernard"]
[Result "1-0"]
[WhiteElo "2244"]
[BlackElo "1986"]
[PlyCount "39"]
[EventDate "2022.12.28"]
[EventType "swiss"]
[EventRounds "10"]
[EventCountry "ENG"]

1. d4 Nf6 2. c4 e6 3. Nc3 Bb4 4. e3 O-O 5. Bd3 d5 6. Nf3 dxc4 7. Bxc4 c5 8. O-O
cxd4 9. exd4 b6 10. Re1 Bb7 11. Bd3 Nc6 12. a3 Bxc3 13. bxc3 Rc8 14. c4 Na5 15.
Ne5 Ba6 16. Bg5 Bxc4 17. Bxf6 gxf6 18. Bxh7+ Kh8 19. Qh5 fxe5 20. Qh6 1-0

[Event "Hastings Masters 2022/23"]
[Site "Hastings"]
[Date "2022.12.29"]
[Round "2.20"]
[White "Oragwu, Chukwunonso"]
[Black "Ismail, Mohammed Aayan"]
[Result "0-1"]
[WhiteElo "2233"]
[BlackElo "1963"]
[PlyCount "216"]
[EventDate "2022.12.28"]
[EventType "swiss"]
[EventRounds "10"]
[EventCountry "ENG"]

1. e4 c6 2. d4 d5 3. e5 Bf5 4. Nf3 e6 5. Be2 Nd7 6. c3 Ne7 7. Nbd2 Bg6 8. Nh4
c5 9. Nxg6 hxg6 10. Nf3 Nc6 11. a3 a5 12. Bb5 Qb6 13. Qa4 c4 14. b3 cxb3 15.
Rb1 Qc7 16. Qxb3 a4 17. Bxa4 Na5 18. Qb5 Be7 19. O-O Rd8 20. h3 O-O 21. Bg5
Rfe8 22. Qd3 Nc4 23. Rb3 Na5 24. Rb5 Nc4 25. Rb3 Ra8 26. Bxe7 Rxe7 27. Bxd7
Qxd7 28. Ra1 Ra4 29. Ng5 Re8 30. Qg3 f6 31. Nf3 Qf7 32. Nh4 fxe5 33. dxe5 Nd2
34. Rb4 Ne4 35. Qe3 Rxb4 36. axb4 Rc8 37. Ra3 Qc7 38. Nxg6 Kf7 39. Nf4 Qxe5 40.
Ne2 Qf6 41. f3 Nd6 42. Ra7 Kg8 43. Qd3 Qe5 44. Ra1 Nf5 45. Qd2 Qf6 46. Re1 Rc4
47. Qd3 Qe5 48. Ra1 Qc7 49. Qd2 Qb6+ 50. Kh2 Qc7+ 51. Kh1 Qe5 52. Re1 Qf6 53.
Kg1 Qd8 54. Qd3 Qb6+ 55. Kh2 Qf2 56. Rg1 Rh4 57. f4 Ne3 58. Kh1 Nf5 59. Kh2 Ne3
60. Kh1 Rxh3+ 61. gxh3 Qf3+ 62. Kh2 Nf1+ 63. Rxf1 Qxd3 64. Rf2 Qe3 65. Kg2 Kf7
66. h4 Kf6 67. Kf1 Qh3+ 68. Ke1 Qxh4 69. Nd4 Qg3 70. Ne2 Qe3 71. Rh2 e5 72.
fxe5+ Kxe5 73. Rh8 Kd6 74. Rd8+ Kc6 75. Kd1 Qd3+ 76. Ke1 Qe3 77. Kd1 Qe4 78.
Rc8+ Kb6 79. Kd2 g5 80. Ra8 g4 81. Ra1 g3 82. Rg1 g2 83. Re1 Qf3 84. Rc1 Qf2
85. Kd3 Qf1 86. Kd2 Kb5 87. Nd4+ Kc4 88. Ne2 b6 89. Rd1 Kb3 90. Rc1 Kb2 91. Rd1
Qf3 92. Re1 Qf2 93. Rd1 b5 94. Re1 Qf1 95. Rd1 Kb3 96. Nd4+ Kc4 97. Ne2 g1=Q
98. Nxg1 Qd3+ 99. Ke1 Qxc3+ 100. Rd2 Kxb4 101. Ne2 Qa1+ 102. Rd1 Qe5 103. Rb1+
Kc4 104. Rc1+ Kd3 105. Rd1+ Ke3 106. Rd2 Qh8 107. Kd1 Qh1+ 108. Kc2 Qe1 0-1

[Event "Hastings Masters 2022/23"]
[Site "Hastings"]
[Date "2022.12.29"]
[Round "2.21"]
[White "Banerjee, Supratit"]
[Black "Anand, Batsukh"]
[Result "0-1"]
[WhiteElo "1541"]
[BlackElo "2203"]
[PlyCount "124"]
[EventDate "2022.12.28"]
[EventType "swiss"]
[EventRounds "10"]
[EventCountry "ENG"]

1. e4 d6 2. d4 g6 3. Nf3 Bg7 4. Nc3 Nf6 5. Bd3 O-O 6. O-O c6 7. Re1 Bg4 8. h3
Bxf3 9. Qxf3 Nfd7 10. Be3 e6 11. Rad1 a6 12. Bc4 d5 13. exd5 cxd5 14. Bb3 Nc6
15. a3 Rc8 16. Rd2 Nb6 17. Red1 Na5 18. Re2 Nbc4 19. Bxc4 Nxc4 20. Bc1 Qb6 21.
b3 Nd6 22. Bb2 Rc6 23. Na4 Qc7 24. Nc5 a5 25. Qd3 b6 26. Na4 Rc8 27. c3 Bf8 28.
Qf3 Nc4 29. Bc1 Nd6 30. Bf4 Qd7 31. Be5 Bg7 32. Bxg7 Kxg7 33. Qe3 Nf5 34. Qd3
Qd6 35. g4 Ne7 36. Ra1 g5 37. Qe3 h6 38. h4 gxh4 39. f4 Rg8 40. Kh1 Kh7 41. Rg1
f5 42. Qf3 fxg4 43. Rxg4 Rcc8 44. Reg2 Nf5 45. Kh2 Qc7 46. Qe2 Rxg4 47. Qxg4
Qf7 48. Qf3 Ng3 49. c4 Rc6 50. Nc3 Qf5 51. cxd5 exd5 52. Nxd5 Qb1 53. Rf2 Rc1
54. Nf6+ Kg6 55. Qg4+ Kxf6 56. Qxh4+ Kf7 57. Kxg3 Rg1+ 58. Kh3 Rh1+ 59. Rh2
Qf1+ 60. Kg4 Qg1+ 61. Kf5 Qg6+ 62. Ke5 Qe6# 0-1

[Event "Hastings Masters 2022/23"]
[Site "Hastings"]
[Date "2022.12.29"]
[Round "2.22"]
[White "Edouard, Romain"]
[Black "Dette, Jan"]
[Result "1-0"]
[WhiteElo "2537"]
[BlackElo "2037"]
[PlyCount "89"]
[EventDate "2022.12.28"]
[EventType "swiss"]
[EventRounds "10"]
[EventCountry "ENG"]

1. d4 Nf6 2. c4 e6 3. Nc3 Bb4 4. Nf3 O-O 5. Bg5 c5 6. Rc1 h6 7. Bh4 cxd4 8.
Nxd4 d5 9. cxd5 Bxc3+ 10. bxc3 Qxd5 11. Bxf6 gxf6 12. Qc2 Nc6 13. Nf3 f5 14. g3
e5 15. Bg2 Be6 16. Nh4 Qxa2 17. Qxa2 Bxa2 18. Nxf5 Rfd8 19. Nxh6+ Kf8 20. Ng4
a5 21. Bxc6 bxc6 22. Nxe5 Rd6 23. Ra1 Bb3 24. f3 c5 25. Kf2 a4 26. c4 Re8 27.
Nd3 Bxc4 28. Rxa4 Bxd3 29. exd3 Rxd3 30. g4 Ree3 31. Rf4 c4 32. Ra1 c3 33. Ra8+
Re8 34. Rxe8+ Kxe8 35. Rc4 Rd2+ 36. Kg3 Rc2 37. h4 Kf8 38. h5 Rc1 39. Kf4 c2
40. Kg5 Rf1 41. Rxc2 Rxf3 42. Kh6 f6 43. Kg6 Rf4 44. g5 fxg5 45. h6 1-0

[Event "Hastings Masters 2022/23"]
[Site "Hastings"]
[Date "2022.12.29"]
[Round "2.23"]
[White "Flynn, David"]
[Black "Gormally, Daniel W"]
[Result "0-1"]
[WhiteElo "1872"]
[BlackElo "2450"]
[PlyCount "72"]
[EventDate "2022.12.28"]
[EventType "swiss"]
[EventRounds "10"]
[EventCountry "ENG"]

1. e4 d5 2. exd5 Qxd5 3. Nf3 Nf6 4. d4 g6 5. c4 Qd8 6. Nc3 Bg7 7. Be2 O-O 8.
O-O Bg4 9. Be3 Bxf3 10. Bxf3 c6 11. Qb3 Qc7 12. Rfd1 Nbd7 13. Rac1 Rfe8 14. g3
h5 15. d5 Ne5 16. Bg2 h4 17. dxc6 bxc6 18. Qa4 hxg3 19. hxg3 Nfg4 20. Bd4 Red8
21. Ne4 Nd3 22. Rxd3 Bxd4 23. Qd1 Bxb2 24. Rb1 Rxd3 25. Qxd3 Bg7 26. Rd1 Ne5
27. Qe2 Rb8 28. f4 Nd7 29. Ng5 Nf6 30. Qe3 Ng4 31. Qc5 Rd8 32. Bd5 e6 33. Nxe6
fxe6 34. Bxe6+ Kh7 35. Bxg4 Rxd1+ 36. Bxd1 Qd7 0-1

[Event "Hastings Masters 2022/23"]
[Site "Hastings"]
[Date "2022.12.29"]
[Round "2.24"]
[White "Hebden, Mark L"]
[Black "Wilks, Simon"]
[Result "1-0"]
[WhiteElo "2448"]
[BlackElo "2072"]
[PlyCount "85"]
[EventDate "2022.12.28"]
[EventType "swiss"]
[EventRounds "10"]
[EventCountry "ENG"]

1. d4 Nf6 2. Nf3 e6 3. e3 d5 4. c4 b6 5. cxd5 exd5 6. Ne5 Bb7 7. Nc3 a6 8. Bd3
Bd6 9. O-O O-O 10. f4 c5 11. Kh1 Nc6 12. Bf5 Ne7 13. Bc2 Ne4 14. Nxe4 dxe4 15.
Bb3 Bd5 16. f5 Bxe5 17. dxe5 Bxb3 18. Qxb3 Qd5 19. Qxd5 Nxd5 20. Bd2 Rfe8 21.
Rad1 Rad8 22. f6 Rxe5 23. fxg7 Ree8 24. g4 Kxg7 25. Kg2 b5 26. Kf2 b4 27. Ke2
Re6 28. Rc1 Red6 29. Be1 Rc8 30. Rc4 Nb6 31. Rxe4 Re6 32. Rxe6 fxe6 33. Bg3 c4
34. Be5+ Kg8 35. Rd1 Rc6 36. Rd8+ Kf7 37. b3 c3 38. Kd1 c2+ 39. Kc1 Nd5 40.
Rd7+ Kg6 41. Rg7+ Kh6 42. Rg8 a5 43. e4 1-0

[Event "Hastings Masters 2022/23"]
[Site "Hastings"]
[Date "2022.12.29"]
[Round "2.25"]
[White "Davies, Nigel R"]
[Black "Ruane, Brendan J"]
[Result "1-0"]
[WhiteElo "2398"]
[BlackElo "1804"]
[PlyCount "79"]
[EventDate "2022.12.28"]
[EventType "swiss"]
[EventRounds "10"]
[EventCountry "ENG"]

1. g3 c6 2. Nf3 d6 3. d4 Nd7 4. c4 h6 5. Bg2 g5 6. e4 Bg7 7. O-O Nf8 8. Nc3 Ng6
9. Ne1 Qb6 10. Nc2 Be6 11. c5 dxc5 12. Na4 Qc7 13. Nxc5 Bc4 14. Re1 b6 15. Ne3
bxc5 16. Nxc4 Bxd4 17. e5 e6 18. Be3 Rd8 19. Nd6+ Rxd6 20. exd6 Qxd6 21. Qa4
N8e7 22. Rad1 e5 23. b4 cxb4 24. Bxd4 exd4 25. Qxa7 c5 26. Qa8+ Kd7 27. Qb7+
Kd8 28. a3 b3 29. Qxb3 Ke8 30. Qb5+ Kf8 31. Rc1 Kg7 32. Qxc5 Rd8 33. a4 d3 34.
Qc3+ f6 35. Red1 Ne5 36. Qc7 d2 37. Qxd6 Rxd6 38. Rc2 Ra6 39. Ra2 Nc4 40. Bf1
1-0

[Event "Hastings Masters 2022/23"]
[Site "Hastings"]
[Date "2022.12.29"]
[Round "2.26"]
[White "Marusenko, Petr"]
[Black "Bezuidenhout, Roland"]
[Result "1/2-1/2"]
[WhiteElo "2041"]
[BlackElo "2265"]
[PlyCount "106"]
[EventDate "2022.12.28"]
[EventType "swiss"]
[EventRounds "10"]
[EventCountry "ENG"]

1. d4 Nf6 2. c4 e6 3. Nf3 Bb4+ 4. Nbd2 O-O 5. e3 Re8 6. a3 Bf8 7. Bd3 d6 8. O-O
e5 9. Qc2 Bg4 10. e4 exd4 11. Nxd4 Nc6 12. Nxc6 bxc6 13. f4 Bd7 14. b3 g6 15.
Bb2 Bg7 16. Rae1 c5 17. Nf3 Rb8 18. e5 Nh5 19. g3 Bc6 20. Be4 Bxe4 21. Rxe4 Qd7
22. Rfe1 Qf5 23. Kg2 c6 24. Bc1 d5 25. Nh4 Qe6 26. cxd5 cxd5 27. Ra4 Bf8 28.
Rxa7 d4 29. Qc4 Rxb3 30. Qxe6 fxe6 31. Nf3 Ng7 32. Nd2 Rbb8 33. Ne4 Red8 34.
Rc7 Rbc8 35. Rxc8 Rxc8 36. Re2 c4 37. Rd2 d3 38. Bb2 Nf5 39. Kf3 Bc5 40. Nxc5
Rxc5 41. Bc3 Rb5 42. Rb2 Rxb2 43. Bxb2 Kf7 44. Bc3 h5 45. h3 Ke8 46. g4 hxg4+
47. hxg4 Ne7 48. Ke4 Nc6 49. a4 Kd7 50. a5 Kc7 51. f5 gxf5+ 52. gxf5 exf5+ 53.
Kxf5 Nxe5 1/2-1/2

[Event "Hastings Masters 2022/23"]
[Site "Hastings"]
[Date "2022.12.29"]
[Round "2.27"]
[White "Jakhria, Kushal"]
[Black "Byron, Alan M"]
[Result "0-1"]
[WhiteElo "1726"]
[BlackElo "2175"]
[PlyCount "128"]
[EventDate "2022.12.28"]
[EventType "swiss"]
[EventRounds "10"]
[EventCountry "ENG"]

1. d4 Nf6 2. c4 e6 3. Nf3 d5 4. g3 Bb4+ 5. Bd2 Be7 6. Qc2 O-O 7. Bg2 c6 8. O-O
b6 9. b3 Bb7 10. Nc3 Nbd7 11. Bf4 Rc8 12. e4 dxe4 13. Nxe4 Nxe4 14. Qxe4 Nf6
15. Qe2 c5 16. dxc5 Bxc5 17. Rfd1 Qe7 18. Ne5 Bxg2 19. Kxg2 h6 20. h4 Qb7+ 21.
Qf3 Qxf3+ 22. Kxf3 Rfd8 23. Rxd8+ Rxd8 24. b4 Bf8 25. Rc1 Rc8 26. Nd3 Nd7 27.
c5 bxc5 28. bxc5 Rc6 29. Be3 f6 30. Ke4 Kf7 31. Kd4 Rc7 32. Kc4 Nb8 33. Rb1 Nc6
34. Rb2 Ke7 35. Kb5 Kd7 36. Kc4 Be7 37. Bd2 Kc8 38. a4 Ne5+ 39. Nxe5 Rxc5+ 40.
Kd4 Rxe5 41. Bf4 Ra5 42. Rc2+ Kd7 43. Kd3 e5 44. Be3 Rxa4 45. Kc3 a5 46. Rb2
Rb4 47. Rd2+ Ke6 48. f4 Ra4 49. Re2 e4 50. g4 f5 51. g5 hxg5 52. hxg5 Ra3+ 53.
Kc4 Bd6 54. g6 Be7 55. Bd2 Rg3 56. Bxa5 Rxg6 57. Bd2 Rg3 58. Rh2 Bf6 59. Rh5
Rf3 60. Rh2 Kf7 61. Re2 Bh4 62. Rg2 Rf2 63. Rxf2 Bxf2 64. Bc1 Kg6 0-1

[Event "Hastings Masters 2022/23"]
[Site "Hastings"]
[Date "2022.12.29"]
[Round "2.28"]
[White "O'Gorman, Tom"]
[Black "Norinkeviciute, Rasa"]
[Result "1-0"]
[WhiteElo "2376"]
[BlackElo "1969"]
[PlyCount "91"]
[EventDate "2022.12.28"]
[EventType "swiss"]
[EventRounds "10"]
[EventCountry "ENG"]

1. e4 c5 2. Nf3 d6 3. c3 Nf6 4. Be2 Nbd7 5. d3 a6 6. O-O e6 7. Re1 Be7 8. Bf1
O-O 9. d4 Qc7 10. Bg5 b5 11. a4 Rb8 12. axb5 axb5 13. Na3 Ba6 14. b4 cxb4 15.
cxb4 h6 16. Bh4 Rfc8 17. Bd3 Rb6 18. Qe2 Qb8 19. Qd2 Bf8 20. d5 exd5 21. exd5
Re8 22. Bf5 Rxe1+ 23. Rxe1 Qa8 24. Qd4 Rb8 25. Ra1 Qb7 26. Nc2 Ra8 27. Ne3 Qc7
28. Bd3 Ne5 29. Bxf6 gxf6 30. Nxe5 fxe5 31. Qg4+ Kh8 32. Qf5 f6 33. h4 Bc8 34.
Rxa8 Bxf5 35. Bxf5 Kg7 36. Be6 Be7 37. Rc8 Qa7 38. Nf5+ Kh7 39. Re8 Qa1+ 40.
Kh2 Qc1 41. Rxe7+ Kh8 42. h5 Qf4+ 43. Kh3 Qg5 44. Re8+ Kh7 45. Bg8+ Kh8 46.
Bf7+ 1-0